[Event "HET"]
[Site "Hamburg"]
[Date "2006.09.02"]
[Round "6.19"]
[White "Schulz, Hugo"]
[Black "Ludwig, Jan"]
[Result "1/2-1/2"]
[WhiteElo "1644"]
[BlackElo "1762"]
[PlyCount "83"]
[EventDate "2006.??.??"]
[EventType "swiss"]
[EventRounds "7"]
[EventCountry "GER"]

1. d4 d5 2. Nf3 Nf6 3. e3 Bg4 4. Nbd2 Nbd7 5. Bd3 e5 6. Be2 e4 7. Ne5 Bxe2 8.
Qxe2 c6 9. f4 Nxe5 10. fxe5 Nd7 11. O-O Qg5 12. c4 a6 13. a3 f6 14. exf6 Nxf6
15. c5 Be7 16. Rf4 Bd8 17. Nf1 Bc7 18. Rf2 Ng4 19. Rf4 Bxf4 20. exf4 Qg6 21.
Ng3 Nh6 22. Bd2 Nf5 23. Nxf5 Qxf5 24. g4 Qf6 25. Qe3 Kd7 26. a4 Rhf8 27. Kg2 a5
28. Rf1 Qd8 29. g5 Kc7 30. Qe1 Kc8 31. Qh4 Qd7 32. Qe1 Qg4+ 33. Kh1 Qh3 34. Rf2
Qd3 35. Qe3 Qxe3 36. Bxe3 Rf5 37. Rg2 g6 38. h4 Kc7 39. h5 Raf8 40. Rg4 gxh5
41. Rh4 R5f7 42. Kh2 1/2-1/2

[Event "HET"]
[Site "Hamburg"]
[Date "2006.09.02"]
[Round "6.20"]
[White "Blank, Yevgen"]
[Black "Meister, Bernd Holger"]
[Result "0-1"]
[WhiteElo "1428"]
[BlackElo "1926"]
[PlyCount "72"]
[EventDate "2006.??.??"]
[EventType "swiss"]
[EventRounds "7"]
[EventCountry "GER"]

1. e4 e5 2. Nf3 Nc6 3. Bb5 a6 4. Ba4 Nf6 5. O-O b5 6. Bb3 Be7 7. Re1 O-O 8. c3
d5 9. exd5 Nxd5 10. Nxe5 Nxe5 11. Rxe5 c6 12. d4 Bd6 13. Re1 Qh4 14. g3 Qh3 15.
Be3 Bg4 16. Qd3 Bf3 17. Qf1 Qh5 18. Nd2 Bg4 19. a4 Rae8 20. axb5 axb5 21. Qg2
Kh8 22. Bxd5 cxd5 23. Ra5 Bd7 24. Qf3 Bg4 25. Qg2 Rb8 26. Rea1 Be6 27. Qf3 Qg6
28. Qe2 b4 29. Nf1 bxc3 30. bxc3 Rfc8 31. Qd2 h5 32. Bf4 Bxf4 33. Qxf4 Rb3 34.
R1a3 Rb1 35. Ra8 Qd3 36. Rxc8+ Bxc8 0-1

[Event "HET"]
[Site "Hamburg"]
[Date "2006.09.02"]
[Round "6.21"]
[White "Grube, Bernd"]
[Black "Diehl, Walter"]
[Result "0-1"]
[WhiteElo "1354"]
[BlackElo "1818"]
[PlyCount "64"]
[EventDate "2006.??.??"]
[EventType "swiss"]
[EventRounds "7"]
[EventCountry "GER"]

1. e4 c5 2. c3 d5 3. exd5 Qxd5 4. d4 cxd4 5. cxd4 Nc6 6. Nf3 Bg4 7. Nc3 Qa5 8.
Be2 e6 9. O-O Rd8 10. Be3 Bb4 11. Qb3 Rd7 12. Rfd1 Nge7 13. h3 Bh5 14. a3 Bd6
15. Ne4 Qd5 16. Nxd6+ Qxd6 17. Qb5 Nd5 18. Qc5 O-O 19. Qxd6 Rxd6 20. Bg5 h6 21.
Bh4 Nf4 22. Bb5 Bxf3 23. gxf3 Nxd4 24. Be7 Nxf3+ 25. Kh1 Rxd1+ 26. Rxd1 Rc8 27.
Rd8+ Rxd8 28. Bxd8 Nxh3 29. Bc7 Nhg5 30. Bd7 f5 31. b4 Ne4 32. Kg2 Ne1+ 0-1

[Event "HET"]
[Site "Hamburg"]
[Date "2006.09.02"]
[Round "6.22"]
[White "Yousofi, Ahmad"]
[Black "Gloe, Helmut"]
[Result "1-0"]
[WhiteElo "1676"]
[BlackElo "1233"]
[PlyCount "55"]
[EventDate "2006.??.??"]
[EventType "swiss"]
[EventRounds "7"]
[EventCountry "GER"]

1. e4 d5 2. exd5 Qxd5 3. Nc3 Qd8 4. Nf3 Nf6 5. h3 e6 6. Bc4 a6 7. d3 Be7 8. Bf4
O-O 9. O-O c6 10. Re1 Nd5 11. Bd2 b5 12. Bb3 Nxc3 13. Bxc3 a5 14. a4 b4 15. Bd2
Bb7 16. Qe2 Nd7 17. Bc4 Nb6 18. Bb3 Nd5 19. Ne5 Bf6 20. Rac1 Bg5 21. Rcd1 Bxd2
22. Qxd2 Nf6 23. Re3 Qd6 24. Rde1 Rad8 25. Rg3 h6 26. Qxh6 g6 27. Nxg6 fxg6 28.
Qxg6+ 1-0

[Event "HET"]
[Site "Hamburg"]
[Date "2006.09.02"]
[Round "6.24"]
[White "Meyer, Michael M"]
[Black "Schwirz, Horst"]
[Result "1-0"]
[WhiteElo "1541"]
[BlackElo "1529"]
[PlyCount "65"]
[EventDate "2006.??.??"]
[EventType "swiss"]
[EventRounds "7"]
[EventCountry "GER"]

1. e4 e5 2. Nf3 Nc6 3. Bb5 Bc5 4. c3 Nf6 5. d3 d6 6. h3 O-O 7. O-O Ne7 8. Be3
Bb6 9. Nh2 Ng6 10. Qd2 c6 11. Ba4 d5 12. exd5 Nxd5 13. Bxb6 Qxb6 14. Na3 Qc7
15. Bc2 Be6 16. Nc4 Rad8 17. Ne3 Nxe3 18. fxe3 Qb6 19. b3 Ne7 20. Kh1 Nf5 21.
Rfe1 Ng3+ 22. Kg1 Ne4 23. Qe2 Nxc3 24. Qh5 f5 25. Nf3 Bf7 26. Qxf5 Bxb3 27.
Bxb3+ Nd5 28. Bxd5+ Rxd5 29. Qe6+ Kh8 30. Nxe5 Qc7 31. Rf1 Rxf1+ 32. Rxf1 h6
33. Rf8+ 1-0

[Event "HET"]
[Site "Hamburg"]
[Date "2006.09.02"]
[Round "6.25"]
[White "Kolster, Jascha"]
[Black "Mania, Irmgard"]
[Result "1-0"]
[WhiteElo "1199"]
[BlackElo "880"]
[PlyCount "49"]
[EventDate "2006.??.??"]
[EventType "swiss"]
[EventRounds "7"]
[EventCountry "GER"]

1. e4 e5 2. Nf3 d6 3. d4 Nc6 4. dxe5 Nxe5 5. Nxe5 dxe5 6. Qxd8+ Kxd8 7. Bc4 f6
8. O-O Bc5 9. Nc3 Ne7 10. Kh1 Nc6 11. f4 Bd6 12. Nd5 Nd4 13. fxe5 Bxe5 14. c3
Nc2 15. Rb1 c6 16. Ne3 Nxe3 17. Bxe3 b5 18. Rbd1+ Bd7 19. Be6 Bxh2 20. Rxd7+
Ke8 21. Kxh2 g5 22. Rxf6 h6 23. Rff7 a5 24. Rde7+ Kd8 25. Bb6# 1-0

[Event "HET"]
[Site "Hamburg"]
[Date "2006.09.03"]
[Round "7.1"]
[White "Meier, David Geffrey"]
[Black "Dumjahn, Carsten"]
[Result "1/2-1/2"]
[WhiteElo "2182"]
[BlackElo "1983"]
[PlyCount "75"]
[EventDate "2006.??.??"]
[EventType "swiss"]
[EventRounds "7"]
[EventCountry "GER"]

1. d4 Nf6 2. c4 d6 3. Nc3 Nbd7 4. e4 e5 5. f4 exd4 6. Qxd4 g6 7. Nf3 Bg7 8. Bd3
O-O 9. O-O Ng4 10. Qd5 Nc5 11. Be2 Nf6 12. Qd1 Nfxe4 13. Nxe4 Nxe4 14. Nd4 c6
15. Bf3 Re8 16. Be3 Ng5 17. Bf2 Nxf3+ 18. Qxf3 Bd7 19. Rad1 c5 20. Nc2 Bf5 21.
Ne3 Be4 22. Qg3 Bxb2 23. Ng4 f5 24. Ne3 Bd4 25. Nd5 Bxd5 26. Bxd4 cxd4 27. cxd5
Re3 28. Qf2 Qf6 29. Qb2 b6 30. Rxd4 Re4 31. Rfd1 Rxd4 32. Rxd4 Re8 33. Qd2 Qh4
34. g3 Qg4 35. Kf2 h5 36. Rc4 h4 37. Rc3 Re4 38. Rc8+ 1/2-1/2

[Event "HET"]
[Site "Hamburg"]
[Date "2006.09.03"]
[Round "7.3"]
[White "Ewaldt, Michael"]
[Black "Moehrmann, Marcus"]
[Result "1-0"]
[WhiteElo "2104"]
[BlackElo "2053"]
[PlyCount "39"]
[EventDate "2006.??.??"]
[EventType "swiss"]
[EventRounds "7"]
[EventCountry "GER"]

1. c4 Nf6 2. Nc3 g6 3. g3 Bg7 4. Bg2 O-O 5. d3 d6 6. Nf3 e5 7. O-O c6 8. Rb1
Re8 9. b4 a6 10. Qb3 Nbd7 11. Bb2 b5 12. Nd2 bxc4 13. Nxc4 d5 14. Na5 Qb6 15.
Na4 Qb5 16. Rfc1 Bb7 17. e3 Bf8 18. d4 Rab8 19. dxe5 Nxe5 20. Bxe5 1-0

[Event "HET"]
[Site "Hamburg"]
[Date "2006.09.03"]
[Round "7.4"]
[White "Kammer, Roland"]
[Black "Keuchen, Michael"]
[Result "1/2-1/2"]
[WhiteElo "2135"]
[BlackElo "1993"]
[PlyCount "92"]
[EventDate "2006.??.??"]
[EventType "swiss"]
[EventRounds "7"]
[EventCountry "GER"]

1. e4 e6 2. d4 d5 3. Nc3 Nf6 4. Bg5 Be7 5. e5 Nfd7 6. Bxe7 Qxe7 7. Qd2 a6 8. f4
c5 9. Nf3 b6 10. O-O-O Nc6 11. Ne2 Bb7 12. g4 h5 13. gxh5 Rxh5 14. Ng3 Rh8 15.
c3 g6 16. Bd3 O-O-O 17. h4 Kb8 18. Rh2 cxd4 19. cxd4 Nb4 20. Kb1 Nxd3 21. Qxd3
Ka7 22. Rdh1 f5 23. h5 gxh5 24. Rxh5 Rxh5 25. Rxh5 Bc6 26. Ng5 Nf8 27. Rh8 Bb5
28. Qd2 Rc8 29. Rh1 Qc7 {(=)} 30. Nh5 a5 31. Nf6 Ka6 32. b3 Be8 33. Kb2 Qe7 34.
a4 b5 35. Nxe8 Qxe8 36. Qd3 Kb6 37. Qxb5+ Qxb5 38. axb5 Kxb5 39. Rh6 a4 40.
bxa4+ Kxa4 41. Nxe6 Nxe6 42. Rxe6 Kb4 43. Rf6 Kc4 44. Rxf5 Kxd4 45. e6 Ke4 46.
Rf7 d4 1/2-1/2

[Event "HET"]
[Site "Hamburg"]
[Date "2006.09.03"]
[Round "7.5"]
[White "Ristic, Sreten"]
[Black "Foerster, Andreas"]
[Result "0-1"]
[WhiteElo "1930"]
[BlackElo "2207"]
[PlyCount "82"]
[EventDate "2006.??.??"]
[EventType "swiss"]
[EventRounds "7"]
[EventCountry "GER"]

1. Nf3 c5 2. c4 Nc6 3. g3 g6 4. Bg2 Bg7 5. O-O e5 6. d3 Nge7 7. Nbd2 O-O 8. e4
Rb8 9. b3 f5 10. Re1 d6 11. Nf1 b5 12. cxb5 Rxb5 13. Qc2 Rb8 14. Bb2 Nb4 15.
Qc4+ Kh8 16. Ng5 Ba6 17. Nf7+ Rxf7 18. Qxf7 Nec6 19. a3 Rb7 20. axb4 Rxf7 21.
Rxa6 Nxb4 22. Ra4 Nxd3 23. Rb1 fxe4 24. Bxe4 Nxb2 25. Rxb2 d5 26. Bg2 e4 27.
Rd2 Bd4 28. Ne3 Bxe3 29. fxe3 Qg5 30. Re2 Rb7 31. Ra3 Qe5 32. Bf1 Qc3 33. Kg2
Rf7 34. Raa2 Qc1 35. Rf2 Rxf2+ 36. Kxf2 d4 37. exd4 cxd4 38. Bc4 Qe3+ 39. Kg2
d3 40. Rf2 d2 41. Be2 Qxe2 0-1

[Event "HET"]
[Site "Hamburg"]
[Date "2006.09.03"]
[Round "7.6"]
[White "Christiansen, Peter"]
[Black "Schulz, Hans-Juergen"]
[Result "1/2-1/2"]
[WhiteElo "1773"]
[BlackElo "2040"]
[PlyCount "28"]
[EventDate "2006.??.??"]
[EventType "swiss"]
[EventRounds "7"]
[EventCountry "GER"]

1. e4 e5 2. b3 Nf6 3. c4 Bc5 4. Nc3 d6 5. Nf3 Ng4 6. d4 exd4 7. Na4 Nc6 8. Nxc5
dxc5 9. Bd3 Nge5 10. Nxe5 Nxe5 11. Bf4 Ng6 12. Bg3 c6 13. Qh5 Qa5+ 14. Ke2 Bd7
1/2-1/2

[Event "HET"]
[Site "Hamburg"]
[Date "2006.09.03"]
[Round "7.7"]
[White "Weiss, Siegfried"]
[Black "Toparlak, Afsin"]
[Result "1-0"]
[WhiteElo "2126"]
[BlackElo "2074"]
[PlyCount "97"]
[EventDate "2006.??.??"]
[EventType "swiss"]
[EventRounds "7"]
[EventCountry "GER"]

1. b3 a5 2. Bb2 a4 3. e3 e6 4. Nf3 a3 5. Bc1 Nf6 6. Be2 d5 7. c3 c6 8. O-O Qc7
9. b4 e5 10. d4 Ng4 11. Nxe5 Nxe5 12. dxe5 Qxe5 13. Qd4 Qc7 14. Nxa3 Be6 15.
Bd3 f5 16. Bb2 Bd6 17. f4 O-O 18. Be2 b5 19. Nc2 Be7 20. Qd2 Nd7 21. Nd4 Qd6
22. Bd1 Nb6 23. Bb3 Ra7 24. Rad1 Rfa8 25. Bc1 g6 26. Rf2 Nd7 27. e4 fxe4 28. f5
gxf5 29. Qh6 Nf6 30. Bf4 Qd7 31. Be5 Rf8 32. g4 Bd8 33. Qg5+ Kh8 34. Rdf1 Rg8
35. Bxf6+ Bxf6 36. Qxf6+ Qg7 37. Qxg7+ Raxg7 38. Nxe6 Rxg4+ 39. Kh1 e3 40. Re2
Re4 41. Nd4 f4 42. Bc2 Rxd4 43. cxd4 Rg4 44. Bf5 Rh4 45. h3 Kg7 46. Bg4 h5 47.
Rxf4 Kh6 48. Rxe3 hxg4 49. Rxg4 1-0

[Event "HET"]
[Site "Hamburg"]
[Date "2006.09.03"]
[Round "7.8"]
[White "Meister, Bernd Holger"]
[Black "Atri, Jamshid"]
[Result "1-0"]
[WhiteElo "1926"]
[BlackElo "2117"]
[PlyCount "59"]
[EventDate "2006.??.??"]
[EventType "swiss"]
[EventRounds "7"]
[EventCountry "GER"]

1. e4 e5 2. Nf3 Nc6 3. Bb5 a6 4. Ba4 Nf6 5. O-O Be7 6. Re1 b5 7. Bb3 d6 8. h3
O-O 9. c3 Bb7 10. d3 h6 11. Nbd2 Re8 12. Nf1 Bf8 13. Ng3 Na5 14. Bc2 c5 15. a3
g6 16. b4 Nc6 17. Be3 cxb4 18. axb4 d5 19. Bb3 d4 20. cxd4 exd4 21. Bf4 Bxb4
22. Re2 Bf8 23. Qd2 h5 24. Qa2 Qd7 25. Ng5 Nd8 26. Rc1 Re7 27. Rc7 Qe8 28. Rec2
Rxc7 29. Rxc7 Nd7 30. Nxf7 1-0

[Event "HET"]
[Site "Hamburg"]
[Date "2006.09.03"]
[Round "7.9"]
[White "Urban, Ralf-Dieter"]
[Black "Jablonowski, Christoph"]
[Result "1/2-1/2"]
[WhiteElo "1962"]
[BlackElo "1965"]
[PlyCount "122"]
[EventDate "2006.??.??"]
[EventType "swiss"]
[EventRounds "7"]
[EventCountry "GER"]

1. e4 e5 2. Nf3 Nf6 3. d4 Nxe4 4. Bd3 d5 5. dxe5 Nc6 6. Nbd2 Bg4 7. h3 Nxd2 8.
hxg4 Nxf3+ 9. gxf3 Nxe5 10. Qe2 Qe7 11. Be3 d4 12. Bf4 Nxd3+ 13. cxd3 O-O-O 14.
Rc1 Qxe2+ 15. Kxe2 Bd6 16. Bxd6 Rxd6 17. Kd2 Rf6 18. Rh3 Re8 19. Rc4 Rfe6 20.
Rxd4 Re2+ 21. Kc3 h6 22. Rh2 R8e6 23. Rc4 Rb6 24. b3 Rxa2 25. f4 a5 26. g5 Rd6
27. gxh6 gxh6 28. Rh5 b6 29. Rf5 f6 30. Rd4 Rxd4 31. Kxd4 Rxf2 32. Rxf6 h5 33.
Rf7 h4 34. f5 h3 35. f6 Rf4+ 36. Kd5 h2 37. Rh7 Rxf6 38. Rxh2 Rd6+ 39. Kc4 Kb7
40. Kc3 Kc6 41. Rh7 b5 42. Rh8 Kb7 43. Rh5 c6 44. Rh7+ Kb6 45. Rh8 Rd5 46. d4
Rg5 47. Rh6 Rg3+ 48. Kc2 Rg2+ 49. Kd3 Rg1 50. Rh3 Ra1 51. Rh6 Rg1 52. Rf6 Rd1+
53. Ke4 a4 54. bxa4 bxa4 55. Rf2 Ka5 56. Rf8 a3 57. Ra8+ Kb4 58. Ra6 Rc1 59.
Kd3 Kb3 60. Rb6+ Ka2 61. Kd2 Rc4 1/2-1/2

[Event "HET"]
[Site "Hamburg"]
[Date "2006.09.03"]
[Round "7.10"]
[White "Bohn, Christoph"]
[Black "Biermann, Helge"]
[Result "1/2-1/2"]
[WhiteElo "1916"]
[BlackElo "1808"]
[PlyCount "39"]
[EventDate "2006.??.??"]
[EventType "swiss"]
[EventRounds "7"]
[EventCountry "GER"]

1. Nf3 Nf6 2. d4 g6 3. c4 Bg7 4. Nc3 O-O 5. g3 d6 6. Bg2 Nbd7 7. O-O e5 8. dxe5
Nxe5 9. Nxe5 dxe5 10. Bg5 Qxd1 11. Rfxd1 c6 12. Rd6 Ne8 13. Rd2 Nc7 14. Rad1
Ne6 15. Bd8 Nxd8 16. Rxd8 Be6 17. Rxa8 Rxa8 18. b3 f5 19. Bh3 Kf7 20. e3
1/2-1/2

[Event "HET"]
[Site "Hamburg"]
[Date "2006.09.03"]
[Round "7.11"]
[White "Schmuck, Martin"]
[Black "Schroeder, Kai Uwe"]
[Result "1/2-1/2"]
[WhiteElo "1773"]
[BlackElo "1795"]
[PlyCount "40"]
[EventDate "2006.??.??"]
[EventType "swiss"]
[EventRounds "7"]
[EventCountry "GER"]

1. d4 e6 2. c4 Nf6 3. Nc3 Bb4 4. g3 d5 5. Bg2 O-O 6. Qb3 Ba5 7. Bd2 c6 8. Nf3
Nbd7 9. cxd5 exd5 10. O-O Re8 11. e3 Nb6 12. Ne5 Ng4 13. Nxg4 Bxg4 14. Nb1 Nc4
15. Bxa5 Nxa5 16. Qc2 Nc4 17. b3 Nd6 18. Nc3 Bf5 19. Qe2 Qb6 20. Rfd1 Re7
1/2-1/2

[Event "HET"]
[Site "Hamburg"]
[Date "2006.09.03"]
[Round "7.12"]
[White "Opasiak, Dustin Tennessee"]
[Black "Schermer, Denis"]
[Result "0-1"]
[WhiteElo "1669"]
[BlackElo "2121"]
[PlyCount "66"]
[EventDate "2006.??.??"]
[EventType "swiss"]
[EventRounds "7"]
[EventCountry "GER"]

1. e4 c5 2. Ne2 Nc6 3. Nbc3 g6 4. g3 Bg7 5. Bg2 e6 6. O-O Nge7 7. d3 O-O 8. Bf4
d6 9. Rb1 a6 10. Qd2 b5 11. a4 b4 12. Nd1 a5 13. Bh6 Ba6 14. Bxg7 Kxg7 15. b3
Ra7 16. Ne3 f6 17. Nf4 Nd4 18. Qd1 Kh8 19. h4 Bc8 20. Kh2 Rg8 21. Rc1 Qf8 22.
Nc4 Nec6 23. Nb6 Ba6 24. Qg4 Ne5 25. Qd1 g5 26. hxg5 fxg5 27. Nh5 Rf7 28. Kg1
Qh6 29. g4 Rgf8 30. f3 Nexf3+ 31. Bxf3 Nxf3+ 32. Kh1 Rf4 33. Rg1 Rxg4 0-1

[Event "HET"]
[Site "Hamburg"]
[Date "2006.09.03"]
[Round "7.13"]
[White "Sternberg, Lew"]
[Black "Yousofi, Ahmad"]
[Result "1-0"]
[WhiteElo "2072"]
[BlackElo "1676"]
[PlyCount "105"]
[EventDate "2006.??.??"]
[EventType "swiss"]
[EventRounds "7"]
[EventCountry "GER"]

1. e4 c5 2. Nc3 Nc6 3. f4 d6 4. d3 Nf6 5. h3 g6 6. Nf3 Bg7 7. Ne2 b6 8. c3 Qc7
9. Be3 h6 10. g3 Bd7 11. Bg2 Rc8 12. Qc2 e5 13. g4 Qd8 14. Ng3 a5 15. f5 g5 16.
Nh5 Nxh5 17. gxh5 Bf6 18. Nh2 Bg7 19. Ng4 f6 20. Qb3 Ne7 21. Bf3 d5 22. Kf2 d4
23. Bd2 a4 24. Qc2 Nc6 25. Be2 b5 26. c4 Na5 27. h4 b4 28. Qc1 Nb7 29. Kg3 Nd6
30. Qf1 Rf8 31. Qf2 Bc6 32. Kh3 Rc7 33. a3 Rb7 34. axb4 cxb4 35. Rhf1 b3 36.
hxg5 hxg5 37. Rh1 Rh8 38. Kg2 Nf7 39. h6 Bxh6 40. Nxh6 Nxh6 41. Bh5+ Kd7 42.
Qe1 Kc8 43. Bb4 Kb8 44. Bg6 Ng4 45. Rxh8 Ne3+ 46. Qxe3 Qxh8 47. Bd6+ Kc8 48.
Qg3 Rd7 49. Bc5 Qg8 50. Qe1 Rc7 51. Qa5 Bxe4+ 52. dxe4 Qxc4 53. Qa8+ 1-0

[Event "HET"]
[Site "Hamburg"]
[Date "2006.09.03"]
[Round "7.14"]
[White "Oehlke, Jan-Philipp"]
[Black "Soltau, Achim"]
[Result "0-1"]
[WhiteElo "1611"]
[BlackElo "1989"]
[PlyCount "156"]
[EventDate "2006.??.??"]
[EventType "swiss"]
[EventRounds "7"]
[EventCountry "GER"]

1. e4 c5 2. Nf3 e6 3. d4 cxd4 4. Nxd4 Nf6 5. Nc3 Nc6 6. Be3 Bb4 7. Bd3 d5 8.
Nxc6 bxc6 9. exd5 exd5 10. a3 Be7 11. Bg5 h6 12. Bh4 O-O 13. O-O Be6 14. Re1 c5
15. Be2 d4 16. Bxf6 Bxf6 17. Ne4 Be5 18. Ng3 Bxg3 19. hxg3 c4 20. Bf3 Rb8 21.
Rb1 Qd7 22. Qd2 Rfd8 23. Kh2 Bf5 24. Be4 Bxe4 25. Rxe4 Qd5 26. Ree1 Rb6 27.
Red1 Rbd6 28. Kg1 Qh5 29. Re1 Qc5 30. b4 cxb3 31. Rxb3 Rc8 32. Rc1 Re8 33. Rd3
Rde6 34. Rxd4 Qxa3 35. Rd1 Re2 36. Qd3 Qc5 37. c3 Re1+ 38. Rxe1 Rxe1+ 39. Kh2
Qh5+ 40. Rh4 Qd1 41. Qxd1 Rxd1 42. Ra4 Rd7 43. c4 Kf8 44. g4 Ke7 45. Kg3 Kd6
46. Kf3 Re7 47. Ra5 Kc6 48. g5 hxg5 49. Rxg5 f6 50. Ra5 Kb7 51. Rd5 Rc7 52. c5
Kc6 53. Ke4 Re7+ 54. Kd4 Rd7 55. Rxd7 Kxd7 56. f4 Kc6 57. g4 a5 58. Kc4 a4 59.
g5 fxg5 60. fxg5 g6 61. Kb4 a3 62. Kxa3 Kxc5 63. Kb3 Kd5 64. Kc3 Ke4 65. Kd2
Kf4 66. Ke2 Kxg5 67. Kf3 Kh4 68. Kg2 Kg4 69. Kh2 Kf3 70. Kg1 Kg3 71. Kh1 g5 72.
Kg1 g4 73. Kh1 Kf2 74. Kh2 g3+ 75. Kh3 g2 76. Kh4 g1=Q 77. Kh5 Qg7 78. Kh4 Qg6
0-1

[Event "HET"]
[Site "Hamburg"]
[Date "2006.09.03"]
[Round "7.15"]
[White "Becker-Bertau, Friedrich"]
[Black "Holzweissig, Hans Joachim"]
[Result "1/2-1/2"]
[WhiteElo "1814"]
[BlackElo "1881"]
[PlyCount "36"]
[EventDate "2006.??.??"]
[EventType "swiss"]
[EventRounds "7"]
[EventCountry "GER"]

1. e4 g6 2. Bc4 d6 3. Ne2 e6 4. O-O Bg7 5. f4 Ne7 6. d4 O-O 7. Nd2 d5 8. exd5
exd5 9. Bd3 Bf5 10. Nf3 Nd7 11. Ng3 Bg4 12. c3 f5 13. Qe1 Bxf3 14. Rxf3 Nf6 15.
b3 Ne4 16. Ba3 Re8 17. Ne2 Kh8 18. Rh3 Ng8 1/2-1/2

[Event "HET"]
[Site "Hamburg"]
[Date "2006.09.03"]
[Round "7.16"]
[White "Diehl, Walter"]
[Black "Farzamfahr, Bahram"]
[Result "1/2-1/2"]
[WhiteElo "1818"]
[BlackElo "1658"]
[PlyCount "40"]
[EventDate "2006.??.??"]
[EventType "swiss"]
[EventRounds "7"]
[EventCountry "GER"]

1. e4 e5 2. Nf3 Nc6 3. Bc4 Bc5 4. d3 Nf6 5. h3 O-O 6. O-O d5 7. exd5 Nxd5 8.
Bxd5 Qxd5 9. Nc3 Qd8 10. Ne4 Bb6 11. Be3 f5 12. Nc3 Nd4 13. Bxd4 exd4 14. Na4
Bd7 15. Nxb6 axb6 16. Nxd4 c5 17. Nf3 Qf6 18. c3 Bb5 19. Re1 Kh8 20. Ne5 Rad8
1/2-1/2

[Event "HET"]
[Site "Hamburg"]
[Date "2006.09.03"]
[Round "7.17"]
[White "Lochmann, Viktor"]
[Black "Cupina, Ibrahim"]
[Result "1-0"]
[WhiteElo "1910"]
[BlackElo "1646"]
[PlyCount "81"]
[EventDate "2006.??.??"]
[EventType "swiss"]
[EventRounds "7"]
[EventCountry "GER"]

1. e4 Nf6 2. Nc3 d5 3. e5 d4 4. exf6 dxc3 5. fxg7 cxd2+ 6. Qxd2 Bxg7 7. Qxd8+
Kxd8 8. c3 Bf5 9. Bf4 e5 10. Rd1+ Ke7 11. Be3 Nd7 12. Bb5 c6 13. Be2 Rhd8 14.
Nf3 Be6 15. O-O h6 16. Nh4 Nf6 17. Bc5+ Ke8 18. b3 b6 19. Be3 Ne4 20. Rc1 f5
21. Bh5+ Ke7 22. Ng6+ Kf6 23. f4 exf4 24. Bd4+ Rxd4 25. cxd4 Kg5 26. h4+ Kxh5
27. Nxf4+ Kxh4 28. Nxe6 Bh8 29. Rxf5 Ng3 30. Rf4+ Kh5 31. Kf2 Rg8 32. Rxc6 Nh1+
33. Kg1 Ng3 34. Kh2 Ne2 35. Re4 Ng3 36. Rf4 Ne2 37. Rf3 Re8 38. Nf4+ Nxf4 39.
Rxf4 Rd8 40. Kh3 Bxd4 41. g4+ 1-0

[Event "HET"]
[Site "Hamburg"]
[Date "2006.09.03"]
[Round "7.19"]
[White "Ludwig, Jan"]
[Black "Zehner, Birte"]
[Result "1-0"]
[WhiteElo "1762"]
[BlackElo "1486"]
[PlyCount "58"]
[EventDate "2006.??.??"]
[EventType "swiss"]
[EventRounds "7"]
[EventCountry "GER"]

1. e4 e5 2. d4 exd4 3. c3 d5 4. exd5 Qxd5 5. cxd4 Nc6 6. Nf3 Bf5 7. Nc3 Qa5 8.
Bb5 Nge7 9. O-O O-O-O 10. Be3 a6 11. Be2 h6 12. a3 Nd5 13. Rc1 Nxe3 14. fxe3
Bg4 15. Nd2 Bxe2 16. Qxe2 Qg5 17. Rxf7 Be7 18. Rf2 Rhe8 19. Nf3 Qg6 20. Qc2 Qh5
21. Na4 Bd6 22. Qc3 Rf8 23. Rcc2 Rde8 24. Nc5 Rf7 25. Nxb7 Bxh2+ 26. Nxh2 Qd1+
27. Nf1 Rxf2 28. Nd6+ Kd8 29. Rxf2 Kd7 1-0

[Event "HET"]
[Site "Hamburg"]
[Date "2006.09.03"]
[Round "7.20"]
[White "Pfeiffer, Daniel"]
[Black "Kaden, Ingmar"]
[Result "1/2-1/2"]
[WhiteElo "1644"]
[BlackElo "1663"]
[PlyCount "81"]
[EventDate "2006.??.??"]
[EventType "swiss"]
[EventRounds "7"]
[EventCountry "GER"]

1. e4 d6 2. d4 Nf6 3. Nc3 g6 4. f3 Bg7 5. Be3 b6 6. Qd2 c5 7. Nge2 O-O 8. O-O-O
Nc6 9. g4 cxd4 10. Nxd4 Nxd4 11. Bxd4 Bb7 12. h4 Nd7 13. Bxg7 Kxg7 14. h5 Rh8
15. Bg2 Qc7 16. hxg6 hxg6 17. Kb1 Rxh1 18. Rxh1 Rh8 19. Rxh8 Kxh8 20. Qh6+ Kg8
21. Qh4 Qc5 22. Qe1 f6 23. f4 g5 24. f5 Ne5 25. Qd1 Kg7 26. Bf1 Qg1 27. Be2
Qxd1+ 28. Bxd1 Ba6 29. Nd5 Kf8 30. b3 Bf1 31. Ne3 Bb5 32. Nd5 Bc6 33. c4 Bxd5
34. cxd5 Ke8 35. Be2 Kd8 36. a4 Kc7 37. b4 Kb7 38. b5 Nd7 39. Bd1 Nc5 40. Bc2
a6 41. Kc1 1/2-1/2

[Event "HET"]
[Site "Hamburg"]
[Date "2006.09.03"]
[Round "7.21"]
[White "Kohlstädt, Jürgen"]
[Black "Grube, Bernd"]
[Result "1-0"]
[WhiteElo "1568"]
[BlackElo "1354"]
[PlyCount "83"]
[EventDate "2006.??.??"]
[EventType "swiss"]
[EventRounds "7"]
[EventCountry "GER"]

1. d4 d5 2. c4 e6 3. Nc3 Nf6 4. Nf3 c5 5. Bg5 Be7 6. e3 O-O 7. Bxf6 Bxf6 8.
cxd5 cxd4 9. Nxd4 exd5 10. Be2 Nc6 11. Nf3 d4 12. exd4 Nxd4 13. O-O Be6 14.
Nxd4 Bxd4 15. Bf3 Bxc3 16. bxc3 Qc7 17. Qc2 Rac8 18. Rfc1 b6 19. g3 Qc5 20. h4
h5 21. Qe4 g6 22. Qb4 Rfd8 23. a4 Rd2 24. Qxc5 Rxc5 25. Ra3 Kf8 26. Kf1 Ra5 27.
Rd1 Rxd1+ 28. Bxd1 b5 29. Ke2 Bd7 30. Kd3 bxa4 31. c4 Re5 32. Kd4 Re1 33. Bxa4
a6 34. Bxd7 Rd1+ 35. Kc5 Rxd7 36. Rxa6 Rd2 37. Rf6 Ke7 38. Rf4 f5 39. Kc6 Kd8
40. c5 Kc8 41. Ra4 Rb2 42. Ra8+ 1-0

[Event "HET"]
[Site "Hamburg"]
[Date "2006.09.03"]
[Round "7.22"]
[White "Kock, Rudolf"]
[Black "Blank, Yevgen"]
[Result "0-1"]
[WhiteElo "1417"]
[BlackElo "1428"]
[PlyCount "102"]
[EventDate "2006.??.??"]
[EventType "swiss"]
[EventRounds "7"]
[EventCountry "GER"]

1. f4 d5 2. Nf3 Nf6 3. b3 Nc6 4. e3 Bf5 5. Bb5 Bd7 6. a3 e6 7. Bb2 Be7 8. Bxc6
Bxc6 9. Ne5 Nd7 10. Nxc6 bxc6 11. O-O O-O 12. a4 Bf6 13. d4 c5 14. c3 cxd4 15.
exd4 c5 16. Ba3 Be7 17. Rf3 cxd4 18. Qxd4 Bxa3 19. Nxa3 a6 20. Nc2 Nf6 21. Ne3
Rb8 22. Rb1 Qb6 23. Nc2 Ne4 24. Rd3 Rfc8 25. Qxb6 Rxb6 26. Na3 Nxc3 27. Re1
Rxb3 28. Ree3 Rxa3 29. h4 Ne2+ 30. Kh2 Rxd3 31. Rxd3 Nxf4 32. Rb3 d4 33. g3 Ng6
34. Kg2 h6 35. Kf3 Rc3+ 36. Rxc3 dxc3 37. Ke2 Ne7 38. Kd3 Nd5 39. a5 Kf8 40. h5
Ke7 41. g4 Kd6 42. g5 hxg5 43. h6 gxh6 44. Kc2 g4 45. Kd1 g3 46. Kc2 g2 47. Kd1
g1=Q+ 48. Kc2 Qf2+ 49. Kb3 Kc5 50. Ka3 Qb2+ 51. Ka4 Qb4# 0-1

[Event "HET"]
[Site "Hamburg"]
[Date "2006.09.03"]
[Round "7.23"]
[White "Gloe, Helmut"]
[Black "Kolster, Jascha"]
[Result "0-1"]
[WhiteElo "1233"]
[BlackElo "1199"]
[PlyCount "78"]
[EventDate "2006.??.??"]
[EventType "swiss"]
[EventRounds "7"]
[EventCountry "GER"]

1. d4 d5 2. Nc3 g6 3. Bf4 Bg7 4. e3 Nc6 5. Nb5 e5 6. Bg3 Nge7 7. Bd3 O-O 8. Ne2
a6 9. Nbc3 e4 10. Nxe4 dxe4 11. Bxe4 Bf5 12. Bf3 Be6 13. b3 Bd5 14. e4 Be6 15.
c3 Re8 16. d5 Bxd5 17. exd5 Nxd5 18. Bxd5 Bxc3+ 19. Kf1 Bxa1 20. Qxa1 Qxd5 21.
Bf4 Rad8 22. Qe1 Nd4 23. Be3 Nc2 24. Nc3 Qd3+ 25. Qe2 Nxe3+ 26. fxe3 Qxc3 27.
Kf2 Rd2 28. Re1 Rxe2+ 29. Rxe2 Qf6+ 30. Ke1 Re6 31. g3 g5 32. a4 Qc3+ 33. Kf2
Rf6+ 34. Kg2 Qxb3 35. a5 Qd5+ 36. Kh3 Qxa5 37. Kg4 Qf5+ 38. Kh5 Rh6+ 39. Kxh6
Qg6# 0-1

[Event "HET"]
[Site "Hamburg"]
[Date "2006.09.03"]
[Round "7.25"]
[White "Schwirz, Horst"]
[Black "Mania, Irmgard"]
[Result "1-0"]
[WhiteElo "1529"]
[BlackElo "880"]
[PlyCount "55"]
[EventDate "2006.??.??"]
[EventType "swiss"]
[EventRounds "7"]
[EventCountry "GER"]

1. d4 d5 2. Nf3 Nc6 3. Bf4 Qd7 4. e3 Nf6 5. Bb5 a6 6. Ne5 Qe6 7. Ba4 b5 8. Bb3
g6 9. Nd2 Bg7 10. a4 O-O 11. axb5 Nb8 12. e4 Bb7 13. bxa6 Rxa6 14. O-O c6 15.
exd5 cxd5 16. Re1 Rc8 17. Rxa6 Bxa6 18. Bg3 Nc6 19. Nxg6 Qg4 20. Qxg4 Nxg4 21.
Nxe7+ Nxe7 22. Rxe7 Bxd4 23. c3 Bc5 24. Re1 Ba3 25. bxa3 Rxc3 26. h3 Nf6 27.
Be5 Rxb3 28. Nxb3 1-0